000
00317nam a22001457a 4500
003
OSt
005
20160727222358.0
008
160622b xxu||||| |||| 00| 0 eng d
040
_c
TEST
100
_9
609
_a
Shura, M.F
245
_a
Jessica
260
_a
N.Y
_b
Scholastic Inc
_c
1984
300
_a
Jessica
942
_2
ddc
_c
BK
999
_c
497
_d
497